<?xml version="1.0" encoding="UTF-8"?>
<collection xmlns="http://www.loc.gov/MARC21/slim">
  <record>
    <leader>00000nam  2200000   4500</leader>
    <controlfield tag="001">INLIS000000000019053</controlfield>
    <controlfield tag="005">20250203122803</controlfield>
    <datafield tag="035" ind1="#" ind2="#">
      <subfield code="a">0010-0225000010</subfield>
    </datafield>
    <controlfield tag="007">ta</controlfield>
    <controlfield tag="008">250203################g##########0#ind##</controlfield>
    <datafield tag="082" ind1="#" ind2="#">
      <subfield code="a">959.803</subfield>
    </datafield>
    <datafield tag="084" ind1="#" ind2="#">
      <subfield code="a">959.803 SOE r</subfield>
    </datafield>
    <datafield tag="100" ind1=" " ind2="#">
      <subfield code="a">Soewito, Irna H.N.Hadi</subfield>
    </datafield>
    <datafield tag="245" ind1="1" ind2="#">
      <subfield code="a">Rakyat Jawa Timur Mempertahankan Kemerdekaan /</subfield>
      <subfield code="c">Irna H.N.Hadi Soewito</subfield>
    </datafield>
    <datafield tag="250" ind1="#" ind2="#">
      <subfield code="a">Cetakan ke 1</subfield>
    </datafield>
    <datafield tag="260" ind1="#" ind2="#">
      <subfield code="a">Jakarta :</subfield>
      <subfield code="b">Rasindo,</subfield>
      <subfield code="c">1994</subfield>
    </datafield>
    <datafield tag="300" ind1="#" ind2="#">
      <subfield code="a">279 halaman :</subfield>
      <subfield code="b">ilus ;</subfield>
      <subfield code="c">21 cm</subfield>
    </datafield>
    <datafield tag="650" ind1="#" ind2="4">
      <subfield code="a">Cerita Rakyat Jawa Timur</subfield>
    </datafield>
    <datafield tag="520" ind1="#" ind2="#">
      <subfield code="a">Perjuangan rakyat Jawa Timur pada masa perjuangan mempertahankan kemerdekaan tidak lepas dari kepemimpinan para tokohnya, seperti Gubernur Surio, Wakil Gubernur Doel Arnowo, Gubernur Militer Sungkono, Bung Tomo, Isa Idris, Moh. Wahab, Bambang Kaslan, Residen Sudirman, Dr. Moh. Suwandhi, Dr. Angka Nitisusastro, Dr. Samsi, Ir. Darmawan Mangunkusumo, dan masih banyak lagi. &#13;
&#13;
Tujuan penulisan itu bukan untuk membersar-besarkan jasa para tokoh itu, termasuk jasa seorang Mayor Jendral bernama Sungkono, almarhum. Almarhum sendiri pada setiap kesempatan sering menekankan bahwa dirinya hanyalah seorang yang mendapat kepercayaan untuk memimpin perjuangan di Jawa Timur. Keberhasilan perjuangan tersebut tidak lain disebabkan karena ridhlo dari Tuhan Yang Maha Kuasa, keberanian, kesucian dan keikhlasan seluruh rakyat Jawa Timur.&#13;
&#13;
Generasi muda, politisi, peminat sejarah perjuangan Indonesia dapat menimba banyak inspirasi dan pengalaman berharga lewat uraian-uraian yang disusun dengan jernih, lancar dan penuh nuansa</subfield>
    </datafield>
    <datafield tag="990" ind1="#" ind2="#">
      <subfield code="a">01105483</subfield>
    </datafield>
    <datafield tag="990" ind1="#" ind2="#">
      <subfield code="a">01105484</subfield>
    </datafield>
  </record>
</collection>
